French Speaking Countries in Order of Size - Statistics

General Stats
  • This quiz has been taken 23 times
  • The average score is 3 of 16
Answer Stats
Country Country ..... Word Bank Word Bank % Correct
1 Dem. Rep. Congo . Belgium
100%
2 France Benin
93%
3 Cameroon . Cameroon
60%
4 Ivory Coast D.R. Congo
40%
5 Gabon Djibouti
20%
16 Monaco Vanautu
7%
10 Belgium Luxembourg
0%
7 Benin Gabon
0%
12 Djibouti Rep. Congo
0%
11 Haiti . Monaco
0%
14 Luxembourg Switzerland
0%
6 Rep. Congo France
0%
15 Seychelles Togo
0%
9 Switzerland Ivory Coast
0%
8 Togo Haiti
0%
13 Vanuatu Seychelles
0%
No matching quizzes found
Score Distribution
Percent of People with Each Score
Percentile by Number Answered
Your Score History
You have not taken this quiz